| 000 | 00963nam a2200229 i 4500 | ||
|---|---|---|---|
| 001 | 38134 | ||
| 003 | ES-MaACL | ||
| 005 | 20250819173341.0 | ||
| 007 | t| | ||
| 008 | 030224s1904 fr ||||1| fre d | ||
| 100 | 1 |
_aCabello y Lapiedra, Luis María. _933183 |
|
| 245 | 1 | 0 |
_aA travers l'Espagne _b: (indicateur du voyage pour les Congresistes) / _crèdigé pa Louis Mª Cabello y Lapiedra ; en collaboration avc M.M. Clareria Lampérez, Repullés y Vargas et Vega Morcho. |
| 260 |
_aMadrid : _bRomero, _c1904. |
||
| 300 |
_aIV, 120 p., 24 lám. ; _c17 cm. |
||
| 500 | _aPrecede al tít.: Vleme Congrés internacional des Architectes... - con siete itinerarios. | ||
| 700 | 1 |
_aClareria Lámperez, M. M. _939009 |
|
| 700 | 1 |
_aMorcho, Vega. _983182 |
|
| 700 | 1 |
_aRepullés y Vargas, Enrique María, _d1845-1922 _996277 |
|
| 711 | 0 | 4 |
_aCongreso Internacional de Arquitectos ( _n6º. _d1904. _cMadrid) _9410 |
| 852 |
_aES-MaACL _jC-283 |
||
| 999 |
_c38134 _d38134 |
||